000
00270nam a2200097Ia 4500
001
1074765
005
20250827002225.0
008
250824s9999 xx 000 0 und d
245
0
_a
SATRANÇ USTASI DON SANDALIONUN ROMANI
_c
MİGUEL DE UNAMUNO
260
_b
KETEBE YAYINLARI
999
_c
1074765
_d
1074765